| 000 | 00708nam a2200241Ia 4500 | ||
|---|---|---|---|
| 003 | OSt | ||
| 005 | 20220124151751.0 | ||
| 008 | 210716s2011 xx 000 0 und d | ||
| 020 | _a9788184841183 | ||
| 040 | _cAIMIT LIBRARY | ||
| 041 | _aeng | ||
| 082 |
_a001.42 _21 _bPARC |
||
| 100 |
_aParamasivan, C. _914566 |
||
| 245 |
_aResearch methodology for commerce and management / _cby C. Paranasivan |
||
| 250 | _a[1st ed.] | ||
| 260 |
_aNew Delhi : _cRegal Publications , _b2011. |
||
| 300 |
_ax, 228p ; _c22cm. |
||
| 650 |
_aResearch Methodology _914567 |
||
| 650 |
_aResearch Design _914568 |
||
| 650 |
_aData Collection _914569 |
||
| 650 |
_aHypothesis _914570 |
||
| 942 |
_2ddc _cBK _e1st _k001.42 PARC |
||
| 999 |
_c208774 _d208774 |
||